<?xml version="1.0" encoding="UTF-8"?><?xml-stylesheet type="text/xsl" href="static/style.xsl"?><OAI-PMH xmlns="http://www.openarchives.org/OAI/2.0/" xmlns:xsi="http://www.w3.org/2001/XMLSchema-instance" xsi:schemaLocation="http://www.openarchives.org/OAI/2.0/ http://www.openarchives.org/OAI/2.0/OAI-PMH.xsd"><responseDate>2026-04-13T05:03:20Z</responseDate><request verb="GetRecord" identifier="oai:www.recercat.cat:10256/27099" metadataPrefix="marc">https://recercat.cat/oai/request</request><GetRecord><record><header><identifier>oai:recercat.cat:10256/27099</identifier><datestamp>2025-07-15T03:24:48Z</datestamp><setSpec>com_2072_452955</setSpec><setSpec>com_2072_2054</setSpec><setSpec>col_2072_453067</setSpec></header><metadata><record xmlns="http://www.loc.gov/MARC21/slim" xmlns:dcterms="http://purl.org/dc/terms/" xmlns:xsi="http://www.w3.org/2001/XMLSchema-instance" xmlns:doc="http://www.lyncode.com/xoai" xsi:schemaLocation="http://www.loc.gov/MARC21/slim http://www.loc.gov/standards/marcxml/schema/MARC21slim.xsd">
   <leader>00925njm 22002777a 4500</leader>
   <datafield ind2=" " ind1=" " tag="042">
      <subfield code="a">dc</subfield>
   </datafield>
   <datafield ind2=" " ind1=" " tag="720">
      <subfield code="a">Sureda Jubany, Marc</subfield>
      <subfield code="e">author</subfield>
   </datafield>
   <datafield ind2=" " ind1=" " tag="720">
      <subfield code="a">Boto Varela, Gerardo</subfield>
      <subfield code="e">author</subfield>
   </datafield>
   <datafield ind2=" " ind1=" " tag="720">
      <subfield code="a">Ledesma, Antonio</subfield>
      <subfield code="e">author</subfield>
   </datafield>
   <datafield ind2=" " ind1=" " tag="260">
      <subfield code="c">2024-12-15</subfield>
   </datafield>
   <datafield ind2=" " ind1=" " tag="520">
      <subfield code="a">Throughout the years 2021-2022, the virtual restoration of the main apse of the Romanesque cathedral of Girona, lost due to the construction of the preserved Gothic building, has been carried out. The restoration aims at the scientific reflection on the arts of the altar and the spatial and decorative configuration of the liturgical settings in the context of Catalan Romanesque art (11th-13th centuries), through the study of this specific space, the different restorative possibilities based on available data, and critical debate in its environment</subfield>
   </datafield>
   <datafield ind2=" " ind1=" " tag="520">
      <subfield code="a">A  lo  largo  de  los  años  2021-2022  se  ha llevado   a   cabo   la   restitución   virtual   del ábside  mayor  de  la  catedral  románica  de Girona,    desaparecida    a    causa    de    la construcción del edificio gótico conservado. La restitución  tiene  como  objetivo  la  reflexión científica   sobre   las   artes   del   altar   y   la configuración  espacial  y  decorativa  de  los escenarios  litúrgicos  en  el  contexto  del  arte románico  catalán  (siglos  XI-XIII),  a  través  del estudio  de  este  espacio  concreto,  de  las diferentes  posibilidades  restitutivas  a  partir de  los  datos  disponibles  y  del  debate  crítico a su entorno</subfield>
   </datafield>
   <datafield ind2=" " ind1=" " tag="520">
      <subfield code="a">Este estudio se enmarca en el proyecto de investigación del equipo TEMPLA, Sedes Memoriae 2 Memorias de cultos y las artes del altar en las catedrales medievales del norte peninsular (Oviedo, Burgos, Roda de Isábena,  Zaragoza,  Mallorca,  Vic,  Barcelona,  Tarragona,  Girona)  (ref.  MICIIN  PID2019-105829GB-100, del Ministerio de Ciencia, Innovación y Universidades AEI / FEDER Una manera de hacer Europa; y del gru-po  de  investigación  reconocido  SGR  Escenaris  i  edificis  religiosos  medievals  a  la  Corona  d'Aragó  ERM (CdA) de la Generalitat de Catalunya (2021 SGR 00212).</subfield>
   </datafield>
   <datafield ind1="8" ind2=" " tag="024">
      <subfield code="a">http://hdl.handle.net/10256/27099</subfield>
   </datafield>
   <datafield tag="653" ind2=" " ind1=" ">
      <subfield code="a">Realitat virtual</subfield>
   </datafield>
   <datafield tag="653" ind2=" " ind1=" ">
      <subfield code="a">Arquitectura romànica</subfield>
   </datafield>
   <datafield tag="653" ind2=" " ind1=" ">
      <subfield code="a">Virtual reality</subfield>
   </datafield>
   <datafield tag="653" ind2=" " ind1=" ">
      <subfield code="a">Architecture, Romanesque</subfield>
   </datafield>
   <datafield tag="653" ind2=" " ind1=" ">
      <subfield code="a">Altars romànics</subfield>
   </datafield>
   <datafield tag="653" ind2=" " ind1=" ">
      <subfield code="a">Altars, Romanesque</subfield>
   </datafield>
   <datafield tag="653" ind2=" " ind1=" ">
      <subfield code="a">Catedral de Girona</subfield>
   </datafield>
   <datafield ind2="0" ind1="0" tag="245">
      <subfield code="a">El ábside mayor de la catedral románica de Girona: una reconstrucción virtual para la recuperación del patrimonio perdido</subfield>
   </datafield>
</record></metadata></record></GetRecord></OAI-PMH>